[Event "BLR-ch U20 Girls 2021"]
[Site "Minsk"]
[Date "2021.04.20"]
[Round "3.5"]
[White "Liashkevich, Lizaveta"]
[Black "Tarasenka, Aliaksandra"]
[Result "0-1"]
[WhiteElo "1401"]
[BlackElo "1966"]
[Annotator "TA"]
[PlyCount "104"]
[EventDate "2021.04.20"]
[EventType "tourn"]
[EventCountry "BLR"]
[SourceTitle "playchess.com"]
[Source "ChessBase"]
[SourceQuality "1"]

{[%evp 17,104,13,42,0,0,0,22,-7,28,0,12,0,31,16,19,12,59,0,0,0,0,0,0,0,28,0,0,0,14,0,0,0,0,0,0,0,0,0,0,0,6,0,0,0,16,0,0,0,0,0,0,-281,-241,-231,-225,-237,-210,-378,-375,-365,-369,-357,-255,-309,-259,-261,-273,-408,-384,-728,-717,-697,-339,-29971,-29972,-5273,-685,-590,-565,-29991,-29992,-29992,-29987,-29989,-29990,-29991,-29992,-29997,-29998]} 1. d4 Nf6 2. c4 e5 3. dxe5 Ng4 4. Nf3 Nc6 5. e3 Ngxe5 6. Nxe5 Nxe5 7. Nc3 Bc5 8. Be2 O-O 9. O-O a5 10. Qd5 {A52: Budapest Gambit.} d6 11. b3 {[#]} Be6 $146 ({Predecessor:} 11... Bd7 12. Bb2 Bc6 13. Qd2 Re8 14. Rad1 Re6 15. Nd5 Qh4 16. Bxe5 dxe5 17. Bf3 Rh6 {½-½ (44) Brazeau,R (1702)-Karmali,H (1928) Edmonton 2016}) 12. Qd1 {The position is equal.} Qh4 13. Nd5 Bxd5 14. Qxd5 Rfe8 15. g3 Qf6 16. Rb1 (16. Qxb7 c6 $17) 16... c6 17. Qg2 ({White should play} 17. Qe4 $14) 17... Qg6 $11 18. Bb2 Qc2 19. Bf3 Nxf3+ 20. Qxf3 Re6 21. Rfc1 (21. Qg4 {with more complications.} g6 22. h4 f5 23. Qf3 Qd3 24. Rfd1) 21... Qg6 22. Bc3 Rae8 {[%cal Re6e3] Hoping for ...Rxe3!} 23. Qg2 ({But not} 23. Bxa5 {[#]} Rxe3 $1 {[%mdl 512]} 24. Re1 (24. fxe3 $2 Rxe3 25. Kg2 Rxf3 $19) 24... Qxb1 $3 $17 {[%mdl 512]}) 23... Rxe3 24. fxe3 Rxe3 {[%cal Re3e1]} 25. Kh1 Rxc3 $1 26. Re1 {[%cal Re1e8]} Re3 27. Rbd1 {Strongly threatening Rxe3.} Qd3 28. h3 Rxe1+ 29. Rxe1 {[%cal Re1e8][%mdl 4096] Endgame KQR-KQB} g6 30. Kh2 Bd4 31. Qe2 (31. Qf1 {feels hotter.} Qc2+ 32. Re2 Qc3 33. Re7 f5 34. Qe1) 31... Qc3 32. Rf1 {Intending Qe8+ and mate.} Kg7 33. Rd1 Be5 34. Qg2 {[%mdl 8192] [#] Black converts the advantage convincingly.} (34. Rd3 $11 Qb4 35. Qd2) 34... Bxg3+ $1 {[%mdl 512]} 35. Kh1 Be5 36. Rf1 f6 37. Rg1 $2 (37. Rf3 Qb4 38. Re3) 37... a4 $19 38. bxa4 Qxc4 39. Rb1 Qa6 ({Not} 39... Qxa4 40. Rxb7+ Kh6 41. Qg4 $11) 40. Qg4 f5 41. Qh4 Bf6 42. Qb4 (42. Qf2 $142) 42... Qd3 43. Qxb7+ $2 (43. Kg2) 43... Kh6 44. Qb3 Bc3 (44... Qe4+ $142 45. Kg1 c5) 45. Kg2 $2 (45. Rd1 $19 Qxh3+ 46. Kg1) 45... Qe2+ 46. Kg1 Qe3+ (46... Bd4+ $142 47. Kh1 Be5) 47. Kg2 f4 48. Qc4 Qg3+ {Black mates.} 49. Kf1 d5 50. Qc5 Qd3+ {[%mdl 64] Double Attack} 51. Kg2 f3+ 52. Kg3 Be5+ {Weighted Error Value: White=0.61/Black=0.37} 0-1

[Event "BLR-ch U20 Girls 2021"]
[Site "Minsk"]
[Date "2021.04.20"]
[Round "3.6"]
[White "Halouchyts, Karalina"]
[Black "Poliakova, Varvara"]
[Result "1-0"]
[WhiteElo "1765"]
[BlackElo "1918"]
[Annotator "RC"]
[PlyCount "55"]
[EventDate "2021.04.20"]
[EventType "tourn"]
[EventCountry "BLR"]
[SourceTitle "playchess.com"]
[Source "ChessBase"]
[SourceQuality "1"]
[TimeControl "40/5400+30:1800+30"]

1. e4 {[%emt 0:00:00]} e5 {[%emt 0:00:00]} 2. f4 {[%emt 0:00:00]} d5 {[%emt 0:00:31]} 3. exd5 {[%emt 0:00:00]} c6 {[%emt 0:00:31]} 4. Qe2 {[%emt 0:00:24]} cxd5 {[%emt 0:00:31]} 5. fxe5 {[%emt 0:00:06]} Nc6 {[%emt 0:01:48]} 6. Nf3 {[%emt 0:00:06]} d4 {[%emt 0:03:09]} 7. Qe4 {[%emt 0:01:14]} Nge7 {[%emt 0:02:10]} 8. Bc4 {[%emt 0:12:35]} Bf5 {[%emt 0:04:01]} 9. Qf4 {[%emt 0:02:00]} h6 {[%emt 0:04:47]} 10. d3 {[%emt 0:10:34]} Qd7 {[%emt 0:05:44]} 11. O-O {[%emt 0:05:38]} Ng6 {[%emt 0:04:58]} 12. Qg3 {[%emt 0:03:37]} Be6 {[%emt 0:02:49]} 13. Nbd2 {[%emt 0:15:21]} Rc8 {[%emt 0:04:58]} 14. a4 {[%emt 0:03:48]} a6 {[%emt 0:02:14]} 15. Nb3 {[%emt 0:05:22]} Rd8 {[%emt 0:06:43]} 16. h4 {[%emt 0:06:00]} Bxc4 {[%emt 0:04:32]} 17. dxc4 {[%emt 0:00:09]} Qe6 {[%emt 0:01:23]} 18. h5 {[%emt 0:02:43]} Ngxe5 {[%emt 0:05:43]} 19. Nxe5 {[%emt 0:01:13]} Nxe5 {[%emt 0:00:04]} 20. Bf4 {[%emt 0:01:39]} f6 {[%emt 0:02:23]} 21. Bxe5 {[%emt 0:09:18]} fxe5 {[%emt 0:00:02]} 22. Rae1 {[%emt 0:00:07]} e4 {[%emt 0:08:38]} 23. Rf4 {[%emt 0:05:52]} e3 {[%emt 0:01:43]} 24. Nxd4 {[%emt 0:01:10]} Qb6 {[%emt 0:00:57]} 25. Rxe3+ {[%emt 0:00:35]} Kd7 {[%emt 0:00:02]} 26. a5 {[%emt 0:05:05]} Qxb2 {[%emt 0:01:28]} 27. Rf7+ {[%emt 0:00:22]} Kc8 {[%emt 0:00:07]} 28. Qc7# {[%emt 0:00:11]} 1-0

[Event "BLR-ch U20 Girls 2021"]
[Site "Minsk"]
[Date "2021.04.20"]
[Round "3.7"]
[White "Astapchyk, Darya"]
[Black "Norman, Kseniya"]
[Result "1/2-1/2"]
[WhiteElo "1586"]
[BlackElo "1915"]
[Annotator "TA"]
[PlyCount "114"]
[EventDate "2021.04.20"]
[EventType "tourn"]
[EventCountry "BLR"]
[SourceTitle "playchess.com"]
[Source "ChessBase"]
[SourceQuality "1"]

{[%evp 9,114,-2,-8,-12,0,0,0,-2,15,18,35,27,36,-10,-3,-8,36,30,35,0,0,0,13,25,30,-91,-83,-84,-81,-89,-85,-104,-108,-109,-101,-110,-81,-126,-120,-148,-81,-131,-129,-179,-101,-86,-106,-181,-181,-234,-107,-182,-126,-110,-119,-105,-47,-127,-79,-93,-85,-86,-16,-29,-9,-59,-51,-47,-66,-57,-13,-12,-12,-307,0,-12,0,0,0,0,0,0,0,0,0,0,0,0,0,0,0,0,0,0,0,0,0,0,0,0,0,0,0,0,0,0,0]} 1. d4 Nf6 2. Nc3 d5 3. Bf4 Bf5 4. Nb5 Na6 5. a3 e6 6. Nf3 {D00: 1 d4 d5: Unusual lines.} c6 7. Nc3 Nc7 8. e3 Be7 {[#]} 9. Ne5 $146 ({Predecessor:} 9. Be2 O-O 10. O-O Nce8 11. Bd3 Bg4 12. h3 Bh5 13. Be2 Nd6 14. Ne5 Bxe2 15. Qxe2 {0-1 (39) Onufrienko,V-Sezdbekov,A (1333) Bishkek 2017}) 9... Ne4 10. Nxe4 Bxe4 11. Qh5 {[%csl Ge5][%cal Rh5f7] [#]} g6 12. Qe2 h5 13. f3 Bf5 14. g4 hxg4 15. fxg4 Bh4+ 16. Kd2 Be4 17. Rg1 (17. Bg2 $11) 17... g5 18. Bg3 Bxg3 19. Rxg3 Nb5 (19... Qe7 {looks sharper.} 20. Re1 O-O-O 21. Kc1 Nb5 22. Nd3 Nd6) 20. Rh3 Rxh3 21. Bxh3 f6 22. Nd3 Nd6 23. Nc5 Qe7 $36 {[%mdl 2048] Black is really pushing.} 24. Bf1 O-O-O (24... Bg6 $142 25. Bg2 b6) 25. b3 f5 26. Bg2 b6 (26... e5 $19 27. gxf5 exd4 28. exd4 Qf6 {[%mdl 64] Double Attack}) 27. Nxe4 $17 dxe4 28. gxf5 (28. c3 $17 {keeps fighting.}) 28... exf5 $19 29. Rf1 (29. Re1 $142) 29... Qh7 (29... c5 $19 {and Black stays clearly on top.} 30. c3 cxd4 31. exd4 Kb8) 30. h3 (30. h4 $17) 30... Qh4 ({Black should play} 30... c5 $19 31. a4 cxd4 32. exd4 Kb8) 31. Qf2 Qxf2+ 32. Rxf2 $17 {[%mdl 4096] Endgame KRB-KRN} Rf8 (32... Kd7 $17) 33. c4 ({Better is} 33. h4 $15) 33... c5 34. Kc3 Kd7 35. b4 Rc8 (35... cxd4+ $17 36. Kxd4 Ke6) 36. dxc5 bxc5 37. bxc5 Rxc5 38. Bf1 Ke6 39. Rg2 f4 40. exf4 gxf4 41. Rg6+ $2 {[%mdl 8192]} (41. Kd4 $11 {and White is okay.} Rh5 42. Rg1) 41... Ke7 $2 (41... Ke5 $19 {...f3 is the strong threat.} 42. h4 f3) 42. Kd4 {The position is equal.} Rh5 43. Be2 Rxh3 {White must now prevent ...f3.} (43... f3 $5 44. Bf1 $8 Ra5 $11) 44. c5 Nf5+ 45. Kxe4 Ng3+ {[%mdl 64] [#] Double Attack} 46. Kf3 Nxe2+ 47. Kxe2 Rxa3 $11 {KR-KR} 48. Rd6 a5 49. Rd4 f3+ 50. Kf2 Rc3 51. Ra4 Rxc5 {Threatens to win with ...Rf5.} 52. Kxf3 Kd6 53. Ke4 Rh5 54. Kd3 Kc6 55. Kc3 Kb5 {( -> ...Rh3+)} 56. Rf4 $1 Rh3+ 57. Kb2 a4 {And White is the lucky defender.  Weighted Error Value: White=0.29/Black=0.26} 1/2-1/2

[Event "BLR-ch U20 Girls 2021"]
[Site "Minsk"]
[Date "2021.04.20"]
[Round "3.8"]
[White "Khomich, Maryna"]
[Black "Zeliantsova, Kseniya"]
[Result "1/2-1/2"]
[WhiteElo "1409"]
[BlackElo "2017"]
[Annotator "TA"]
[PlyCount "103"]
[EventDate "2021.04.20"]
[EventType "tourn"]
[EventCountry "BLR"]
[SourceTitle "playchess.com"]
[Source "ChessBase"]
[SourceQuality "1"]

{[%evp 18,103,26,20,15,0,2,0,0,-8,0,0,3,3,14,-37,-56,-111,-103,-112,-114,-105,-110,-113,-100,-116,-122,-142,-123,-131,-94,-95,-92,-111,-110,-137,-137,-139,-154,-135,-138,-129,-87,-88,-32,-32,-32,-48,0,-53,-45,-54,-58,-57,-36,-70,-17,-19,-24,-39,0,0,0,-7,0,0,0,0,0,0,0,0,0,0,0,0,0,0,0,0,0,0,0,0,0,0,0,0]} 1. c4 Nf6 2. Nf3 g6 3. g3 Bg7 4. Bg2 d6 5. O-O O-O 6. d4 Nbd7 7. Nc3 e5 8. dxe5 dxe5 9. Qc2 c6 10. Rd1 Qc7 {E67: King's Indian: Fianchetto: 6...Nbd7.} 11. Ng5 Nc5 {[#]} 12. Be3 $146 ({Predecessor:} 12. b3 Bf5 13. e4 Bg4 14. f3 h6 15. Nh3 Bc8 16. Ba3 Nfd7 17. Nf2 Re8 18. Rd2 {0-1 (76) Perdomo,C (2301)-Mikhailovsky,V (2228) chess.com INT 2020}) 12... Bf5 13. Qc1 Ne6 14. Nxe6 Bxe6 15. Bg5 Qb6 16. c5 ({White should try} 16. b3 $11) 16... Qxc5 $15 17. Bxf6 (17. b4 $15 Qxb4 18. Rb1) 17... Bxf6 $17 18. Nd5 {[#]} Qxc1 $1 19. Nxf6+ Kg7 20. Nh5+ gxh5 21. Rdxc1 Rfd8 22. Rc2 Rd4 23. e3 Ra4 24. a3 Rd8 25. h4 Rc4 26. Rac1 {[#]} Rd1+ $3 {[%mdl 512]} 27. Rxd1 Rxc2 {[%mdl 4096] Endgame KRB-KRB} 28. b4 Rc3 29. Ra1 b6 30. Kf1 Bc4+ (30... c5 $17 31. bxc5 Rxc5) 31. Ke1 $1 $15 Rc2 {aiming for ...Re2+.} 32. Bf3 Kh6 33. Bd1 ({Better is} 33. Rd1 $11) 33... Rb2 34. Rc1 Bd5 35. Rc3 Ra2 36. Bc2 b5 ({Black should play} 36... Ra1+ $15 37. Kd2 e4) 37. e4 $11 Bc4 38. Kd2 Ra1 (38... Kg7 {looks sharper.} 39. Ke3 Kf6 40. Bd1 Ra1 41. Kd2 Kg6) 39. Bd3 {The position is equal.} Bxd3 40. Rxd3 {KR-KR} Ra2+ 41. Ke3 Rc2 42. f4 exf4+ 43. Kxf4 c5 44. bxc5 Rxc5 45. Rd6+ Kg7 46. Ra6 Rc7 47. Ra5 Rb7 48. Ke5 h6 49. Kd5 b4 50. axb4 Rxb4 51. Rxa7 Kg6 52. Ke5 {Weighted Error Value: White=0.10/Black=0.11} 1/2-1/2

[Event "BLR-ch U20 Girls 2021"]
[Site "Minsk"]
[Date "2021.04.20"]
[Round "4.5"]
[White "Tarasenka, Aliaksandra"]
[Black "Zeliantsova, Kseniya"]
[Result "1/2-1/2"]
[WhiteElo "1966"]
[BlackElo "2017"]
[Annotator "TA"]
[PlyCount "60"]
[EventDate "2021.04.20"]
[EventType "tourn"]
[EventCountry "BLR"]
[SourceTitle "playchess.com"]
[Source "ChessBase"]
[SourceQuality "1"]

{[%evp 9,60,35,32,26,43,26,34,24,35,35,29,-29,-37,-28,-21,-39,-39,-41,-49,-52,-46,-36,-20,-4,-11,-5,-2,-14,-17,-12,-14,-16,10,10,17,7,10,6,6,6,6,6,6,6,6,3,17,0,0,0,0,0,3]} 1. d4 d6 2. e4 g6 3. Nc3 Bg7 4. g3 Nd7 5. Bg2 e5 6. Nge2 {B06: Modern Defence.} Ne7 7. Be3 O-O 8. Qd2 {White is slightly better.} exd4 9. Bxd4 Ne5 {[%cal Bd7e5,Be5c4,Bc4b2][%mdl 32]} 10. f4 {[#]} ({Better is} 10. O-O-O) 10... c5 $1 $11 11. Bf2 Nc4 {[%mdl 64] [#] Double Attack} 12. Qd3 $146 ({Predecessor:} 12. Qc1 Bg4 13. Rb1 Nc6 14. O-O Nd4 15. Nxd4 cxd4 16. Nd5 Rc8 17. b3 Nb6 18. Qd2 Nxd5 19. exd5 {½-½ (35) Haub,T (2462)-Epishin,V (2603) Odense 2013}) 12... Nxb2 13. Qb5 Qb6 14. Rb1 Qxb5 15. Nxb5 Nc4 16. Nxd6 $1 {[%mdl 64] Remove Defender. The position is equal.} Nxd6 17. Bxc5 {[#]} Nxe4 18. Bxe4 Re8 19. Kf2 ({Don't go for} 19. Bxb7 $2 Rb8 $19) 19... Nc6 20. Bf3 Bf8 21. Bxf8 Kxf8 22. Rhd1 Re7 23. Nd4 Nxd4 24. Rxd4 Rb8 25. Rd8+ Re8 $1 {[%cal Re8d8]} 26. Rxe8+ Kxe8 27. c4 Be6 28. Rxb7 Rxb7 29. Bxb7 {White wants to play Ba6.} Bxc4 30. a3 Kd7 {Weighted Error Value: White=0.08/Black=0.04} 1/2-1/2

[Event "BLR-ch U20 Girls 2021"]
[Site "Minsk"]
[Date "2021.04.20"]
[Round "4.6"]
[White "Norman, Kseniya"]
[Black "Khomich, Maryna"]
[Result "1-0"]
[WhiteElo "1915"]
[BlackElo "1409"]
[Annotator "TA"]
[PlyCount "129"]
[EventDate "2021.04.20"]
[EventType "tourn"]
[EventCountry "BLR"]
[SourceTitle "playchess.com"]
[Source "ChessBase"]
[SourceQuality "1"]

{[%evp 16,129,-7,-24,11,24,10,10,16,0,0,-4,0,0,0,-42,-27,-27,-28,-45,-41,-33,-40,-92,-99,-86,-106,-204,-208,-196,-196,-216,-137,-190,-112,-109,-107,-107,-5,-64,-59,-72,-27,-54,-40,-32,-8,-8,-8,-8,-17,-8,0,0,5,0,0,0,6,0,14,14,16,16,22,14,14,14,14,14,14,14,14,8,14,8,14,14,30,14,720,887,849,657,1557,1565,1376,1353,29972,29974,29964,5111,29974,29974,29979,29981,29964,29957,29983,29984,29986,29987,29987,29986,29987,0,29987,29988,29988,29989,29989,29990,29990,29991,29991,29992]} 1. e4 c6 2. d4 d5 3. e5 Bf5 4. Nc3 e6 5. g4 Bg6 6. Nge2 c5 7. h4 h5 8. Nf4 Bh7 9. Nxh5 cxd4 {B12: Caro-Kann: Advance Variation.} 10. Nb5 Nc6 11. Nxd4 Nge7 {The position is equal.} 12. c3 Nxe5 13. Bb5+ Nd7 {[#]} 14. Qe2 $146 ({Predecessor:} 14. Bg5 a6 15. Ba4 Qb6 16. Bxd7+ Kxd7 17. Qa4+ Nc6 18. O-O-O Rc8 19. Rhe1 Qa5 20. Qb3 Nxd4 21. Rxd4 {0-1 (55) Fier,A (2582)-Shankland,S (2581) Riga 2012}) 14... a6 15. Ba4 Qc7 16. Bf4 Qc4 17. Bxd7+ Kxd7 18. Qxc4 ({But not} 18. Qe5 Ng6 $17) 18... dxc4 19. Nf3 ({White should play} 19. Bg3 $15) 19... f6 $17 20. Nd2 Bd3 21. b3 (21. Be3 $17 {is a better defense.}) 21... Rc8 $19 22. bxc4 Bxc4 23. Rh3 f5 24. f3 (24. Bg5 $17 {might work better.}) 24... Nd5 (24... Bd5 $19 25. c4 Bxc4) 25. Be5 $17 Rh7 26. Nf4 Ne3 ({Black should try} 26... Nxf4 $17 27. Bxf4 Bd5) 27. Nxc4 ({Better is} 27. Ng6 $11) 27... Nxc4 $15 28. Nd3 Be7 29. O-O-O Ke8 30. Bd4 Bxh4 {[#] aiming for ...Bg5+.} 31. Rdh1 Bg5+ 32. f4 $1 Rxh3 33. Rxh3 Bf6 {White must now prevent ...Bxd4.} 34. Rh8+ Kd7 35. Nc5+ Rxc5 $1 36. Bxc5 {Threatening g5.} fxg4 37. Bd4 Bxd4 38. cxd4 $11 {[%mdl 4096] Endgame Black should prevent Rh7. KR-KN} Ne3 39. Rh5 g3 40. Rg5 Nf5 41. d5 $1 Kd6 42. dxe6 Kxe6 43. Kd2 Kf6 44. Kd3 g6 45. Ke4 b5 46. Kd5 Ne3+ 47. Kd4 Nc2+ {[%mdl 8192]} (47... Nf5+ $11 48. Kc5 a5) 48. Kc5 $18 b4 49. Rxg3 Kf5 50. Rg5+ Kf6 51. Kc4 Ne3+ 52. Kxb4 Nd1 53. Ka5 Nc3 54. a4 Ne2 55. Kxa6 Nxf4 56. Rb5 Ne6 57. Kb6 g5 58. a5 Nd4 59. Rd5 Nc2 60. Rb5 $2 (60. Kc5 {mates} Ne3 61. a6 Ke6 62. Rd6+ Kf7 63. a7 Nf5 64. a8=Q Nxd6 65. Kxd6) 60... Na3 $2 {[%mdl 8192] [#]} (60... Nd4 $11) 61. a6 {White mates.} Nxb5 62. Kxb5 Kf5 63. a7 Kf4 64. a8=Q g4 65. Qg2 {What a bad dream for Black.  Weighted Error Value: White=0.17/Black=0.46} 1-0

[Event "BLR-ch U20 Girls 2021"]
[Site "Minsk"]
[Date "2021.04.20"]
[Round "4.7"]
[White "Poliakova, Varvara"]
[Black "Astapchyk, Darya"]
[Result "1-0"]
[WhiteElo "1918"]
[BlackElo "1586"]
[Annotator "RC"]
[PlyCount "43"]
[EventDate "2021.04.20"]
[EventType "tourn"]
[EventCountry "BLR"]
[SourceTitle "playchess.com"]
[Source "ChessBase"]
[SourceQuality "1"]
[TimeControl "40/5400+30:1800+30"]

1. e4 {[%emt 0:00:00]} e5 {[%emt 0:00:00]} 2. Nf3 {[%emt 0:00:00]} Nc6 {[%emt 0:00:00]} 3. d4 {[%emt 0:01:08]} exd4 {[%emt 0:00:09]} 4. Bc4 {[%emt 0:00:08]} Nf6 {[%emt 0:00:09]} 5. e5 {[%emt 0:00:28]} d5 {[%emt 0:00:07]} 6. Bb5 {[%emt 0:00:04]} Ne4 {[%emt 0:00:08]} 7. O-O {[%emt 0:00:52]} Bd7 {[%emt 0:01:32]} 8. Bxc6 {[%emt 0:00:44]} bxc6 {[%emt 0:00:10]} 9. Nxd4 {[%emt 0:00:18]} Bc5 {[%emt 0:00:17]} 10. c3 {[%emt 0:02:28]} O-O {[%emt 0:00:19]} 11. Nd2 {[%emt 0:02:27]} Nxd2 {[%emt 0:01:21]} 12. Qxd2 {[%emt 0:02:14]} Re8 {[%emt 0:03:48]} 13. Re1 {[%emt 0:00:59]} f6 {[%emt 0:08:58]} 14. e6 {[%emt 0:04:36]} Bxd4 {[%emt 0:01:47]} 15. exd7 {[%emt 0:00:29]} Rxe1+ {[%emt 0:00:10]} 16. Qxe1 {[%emt 0:00:03]} Be5 {[%emt 0:00:19]} 17. f4 {[%emt 0:00:25]} Bd6 {[%emt 0:00:12]} 18. Qe6+ {[%emt 0:00:32]} Kf8 {[%emt 0:00:16]} 19. Qh3 {[%emt 0:07:52]} h6 {[%emt 0:18:31]} 20. Be3 {[%emt 0:02:13]} Qe7 {[%emt 0:06:03]} 21. Re1 {[%emt 0:02:46]} Bxf4 {[%emt 0:02:31]} 22. Bf2 {[%emt 0:02:00]} 1-0

[Event "BLR-ch U20 Girls 2021"]
[Site "Minsk"]
[Date "2021.04.20"]
[Round "4.8"]
[White "Liashkevich, Lizaveta"]
[Black "Halouchyts, Karalina"]
[Result "0-1"]
[WhiteElo "1401"]
[BlackElo "1765"]
[Annotator "NA RC"]
[PlyCount "92"]
[EventDate "2021.04.20"]
[EventType "tourn"]
[EventCountry "BLR"]
[SourceTitle "playchess.com"]
[Source "ChessBase"]
[SourceQuality "1"]
[TimeControl "40/5400+30:1800+30"]

1. d4 {[%emt 0:00:00]} Nf6 {[%emt 0:00:00]} 2. c4 {[%emt 0:00:00]} g6 {[%emt 0:00:00]} 3. Nc3 {[%emt 0:00:00]} Bg7 {[%emt 0:00:00]} 4. e4 {[%emt 0:00:10]} d6 {[%emt 0:00:00]} 5. f3 {[%emt 0:00:27]} O-O {[%emt 0:00:00]} 6. Be3 {[%emt 0:00:20]} Nc6 {[%emt 0:00:09]} 7. Qd2 {[%emt 0:00:33]} a6 {[%emt 0:00:08]} 8. Nge2 {[%emt 0:13:21]} Rb8 {[%emt 0:00:13]} 9. Nc1 {[%emt 0:05:18]} e5 {[%emt 0:00:20]} 10. d5 {[%emt 0:00:18]} Nd4 {[%emt 0:00:10]} 11. Nb3 {[%emt 0:08:52]} Nxb3 {[%emt 0:00:10]} 12. axb3 {[%emt 0:00:06]} c5 {[%emt 0:00:07]} 13. Be2 {[%emt 0:02:15]} Ne8 {[%emt 0:04:46]} 14. O-O {[%emt 0:09:57]} f5 {[%emt 0:07:29]} 15. f4 {[%emt 0:05:04]} Nc7 {[%emt 0:07:23]} 16. fxe5 {[%emt 0:06:11]} Bxe5 {[%emt 0:00:45]} 17. Bg5 {[%emt 0:10:46]} Qe8 {[%emt 0:02:17]} 18. Bd3 {[%emt 0:07:22]} b5 {[%emt 0:11:06]} 19. Rae1 {[%emt 0:04:22]} bxc4 {[%emt 0:20:36]} 20. bxc4 {[%emt 0:00:32]} Na8 {[%emt 0:21:37]} 21. Kh1 {[%emt 0:10:01]} Nb6 {[%emt 0:01:25]} 22. Bh6 {[%emt 0:02:02]} Rf7 {[%emt 0:00:47]} 23. exf5 {[%emt 0:00:42]} Bxf5 {[%emt 0:00:11]} 24. Bxf5 {[%emt 0:01:00]} Rxf5 {[%emt 0:03:31]} 25. Qd3 {[%emt 0:11:02]} Qd7 {[%emt 0:08:57]} 26. b3 {[%emt 0:00:45]} Qf7 {[%emt 0:04:22]} 27. Ne4 {[%emt 0:00:40]} Nd7 {[%emt 0:01:52]} 28. Ng5 {[%emt 0:00:23]} Qf6 {[%emt 0:00:51]} 29. g4 {[%emt 0:00:38]} Rf2 {[%emt 0:04:38]} 30. h3 {[%emt 0:00:42]} Qf4 {[%emt 0:00:31]} 31. Rxf2 {[%emt 0:00:48]} Qxf2 {[%emt 0:00:11]} 32. Nf3 {[%emt 0:00:42]} Qg3 {[%emt 0:00:46]} 33. Qe3 {[%emt 0:00:39]} Qxh3+ {[%emt 0:00:22]} 34. Kg1 {[%emt 0:00:03]} Qxg4+ {[%emt 0:00:37]} 35. Kh1 {[%emt 0:00:22]} Re8 {[%emt 0:00:38]} 36. Bf4 {[%emt 0:00:43]} Rf8 {[%emt 0:00:28]} 37. Nxe5 {[%emt 0:00:49]} dxe5 {[%emt 0:00:29]} 38. Bxe5 {[%emt 0:00:29]} Rf3 {[%emt 0:00:29]} 39. Qe4 {[%emt 0:00:32]} Nxe5 {[%emt 0:00:35]} 40. Qxg4 {[%emt 0:00:00]} Nxg4 {[%emt 0:00:00]} 41. b4 {[%emt 0:02:16]} cxb4 {[%emt 0:01:57]} 42. c5 {[%emt 0:00:04]} Nf6 {[%emt 0:00:35]} 43. d6 {[%emt 0:02:46]} Rc3 {[%emt 0:00:38]} 44. Re6 {[%emt 0:02:12]} Kf7 {[%emt 0:00:58]} 45. Re7+ {[%emt 0:00:44]} Kf8 {[%emt 0:00:15]} 46. Re6 {[%emt 0:00:08]} Nd7 {[%emt 0:00:18]} 0-1

[Event "BLR-ch U20 Girls 2021"]
[Site "Minsk"]
[Date "2021.04.20"]
[Round "5.5"]
[White "Halouchyts, Karalina"]
[Black "Tarasenka, Aliaksandra"]
[Result "0-1"]
[WhiteElo "1765"]
[BlackElo "1966"]
[Annotator "TA"]
[PlyCount "52"]
[EventDate "2021.04.20"]
[EventType "tourn"]
[EventCountry "BLR"]
[SourceTitle "playchess.com"]
[Source "ChessBase"]
[SourceQuality "1"]

{[%evp 15,52,22,14,0,0,-49,-59,-62,-13,-18,-12,-10,-10,-43,-6,-54,-20,-47,-33,-93,-84,-73,-82,-98,-106,-260,-245,-441,-443,-455,-465,-464,-456,-458,-452,-1374,-1379,-1321,-1310]} 1. e4 e6 2. d4 d5 3. Nd2 Nc6 4. Ngf3 Nf6 5. e5 Nd7 6. c3 f6 7. exf6 Qxf6 8. Bd3 Bd6 9. Nf1 {C04: French Tarrasch: 3...Nc6.} e5 $1 {[%cal Re5e4] Threatens to win with ...e4.} 10. dxe5 (10. Ne3 $5 {[%cal Re3d5]}) 10... Ndxe5 11. Be2 {Black is slightly better.} Ne7 {[%cal Bc6e7,Be7g6,Bg6f4][%mdl 32]} 12. Ng3 O-O {White should prevent ...Bg4.} 13. O-O c6 {[#]} 14. Qb3 $146 ({Predecessor:} 14. Nxe5 Bxe5 15. Be3 Ng6 16. Qd2 Nf4 17. Bf3 Qh4 18. Bd4 Bd6 19. Rae1 Qg5 20. Qe3 b6 21. b4 Ba6 22. Be2 Bxe2 23. Rxe2 Nxe2+ 24. Qxe2 {0-1 (24) Ruzicic,S (1992)-Mihov,F (2193) Skopje 2017}) 14... Kh8 {[%cal Re5f3]} 15. Bd2 N7g6 {[%cal Re5f3]} 16. Rae1 b6 {[%cal Re5f3]} 17. Nd4 (17. Nxe5 $15 Nxe5 18. Qd1) 17... Nf4 $17 18. Bxf4 Qxf4 19. Nf3 Ng4 {aiming for ...Qh6.} 20. Qc2 $2 {[#] This costs White the game.} (20. Nd4 $17 {might work better.}) 20... Qh6 $1 $19 {And now ...Rxf3! would win.} 21. Qc1 $2 {[#]} (21. Qd2 Bf4 22. Qd4) 21... Bf4 $1 {[%cal Rf4c1] Black is clearly winning.} 22. Qc2 Bxg3 23. fxg3 {[#] intending Bd3.} Rxf3 {[%csl Gg4][%cal Rh6h2][%mdl 512]} 24. h3 {[#]} Bf5 $1 {[%mdl 512]} 25. Qa4 (25. Qc1 $142 Rxf1+ 26. Rxf1 Qxc1 27. Rxc1) 25... Qe3+ 26. Kh1 Rxf1+ {[%mdl 64] Pin.  Weighted Error Value: White=0.68/Black=0.07} 0-1